|
|
|
|
| LEADER |
01425nam a2200277 a 4500 |
| 001 |
290570 |
| 008 |
090712s1967 enk b 000 0 eng d |
| 010 |
|
|
|a 68140788
|
| 020 |
|
|
|a 0415104548
|
| 040 |
|
|
|a DLC
|c DLC
|d DLC
|
| 082 |
0 |
0 |
|a 820.9
|2 16
|
| 100 |
1 |
|
|a Baugh, Albert C.
|q (Albert Croll),
|d 1891-1981,
|e ed.
|
| 245 |
1 |
2 |
|a A literary history of England;
|c edited by Albert C. Baugh.
|
| 250 |
|
|
|a 2nd ed.
|
| 260 |
|
|
|a London,
|b Routledge & K. Paul,
|c 1967.
|
| 300 |
|
|
|a xv, 1102, lxxx p.
|c 24 cm.
|
| 362 |
0 |
|
|a vol. iii
|
| 504 |
|
|
|a Includes Bibliography: p. 1609-1796 and index.
|
| 541 |
1 |
|
|e 00016598
|
| 505 |
0 |
|
|a The Middle Ages (to 1500) by K. Malone and A. C. Baugh.--The Renaissance (1500-1660) by T. Brooke and M. A. Shaaber.--The Restoration and eighteenth century (1660-1789) by G. Sherburn and D. F. Bond.--The nineteenth century and after (1789-1939) by S. C. Chew and R. D. Altick.
|
| 650 |
|
0 |
|a English literature
|x History and criticism.
|
| 651 |
|
0 |
|a England
|x Intellectual life.
|
| 852 |
4 |
|
|a Ayesha Abed Library
|j General Shelf.
|
| 999 |
|
|
|c 2286
|d 2286
|
| 952 |
|
|
|0 0
|1 0
|2 ddc
|4 0
|6 820_900000000000000_BAU_2006
|7 0
|9 2110
|a BRACUL
|b BRACUL
|c GEN
|d 2009-07-12
|g 800.00
|l 5
|m 30
|o 820.9 BAU
|p 3010016598
|r 2024-04-30
|s 2024-01-23
|t 1
|v 1600.00
|w 2009-07-12
|y BK
|
| 952 |
|
|
|0 0
|1 0
|2 ddc
|4 0
|6 820_900000000000000_BAU_2006
|7 0
|9 9400
|a BRACUL
|b BRACUL
|c GEN
|d 2010-04-24
|l 1
|m 4
|o 820.9 BAU
|p 3010016597
|r 2015-07-09
|s 2015-06-08
|t 2
|w 2010-04-24
|y BK
|